| 000 | 00830nam a2200229 i 4500 | ||
|---|---|---|---|
| 001 | 11166 | ||
| 003 | ES-MaACL | ||
| 005 | 20230906150036.0 | ||
| 007 | t| | ||
| 008 | 930921s1993 sp a |||| | spa d | ||
| 020 | _a84-86844-86-X | ||
| 080 | _a904(460.183):7.032.7 | ||
| 100 | 1 |
_aPalol, Pere de ( _d1923-2005) _9162288 |
|
| 245 | 1 | 3 |
_aLa villa romana de La Olmeda de Pedrosa de la Vega (Palencia) _b: guía de de las excavaciones / _cpor Pedro de Palol. |
| 250 | _a5ª ed. | ||
| 260 |
_aPalencia : _bDiputación Provincial de Palencia, _c1993. |
||
| 300 |
_a69 p : _bil. col. y n. ; _c21 cm. |
||
| 651 | 4 |
_aLa Olmeda (Palencia, Yacimiento) _9162286 |
|
| 651 | 4 |
_aPalencia (Provincia)- _xRestos arqueológicos romanos. _99192 |
|
| 710 | 1 |
_aPalencia (Provincia). _bDiputación Provincial. _96107 |
|
| 852 |
_aES-MaACL _jL-18526 |
||
| 999 |
_c11166 _d11166 |
||